| 000 | 00628nam a2200229 a 4500 | ||
|---|---|---|---|
| 001 | BRCA_6148 | ||
| 005 | 20190320205342.0 | ||
| 008 | 050711s1926----enk#######---#000-0#eng-# | ||
| 041 | _aeng | ||
| 044 | _aenk | ||
| 050 | 4 |
_aPZ3 _b.G139 F6 _c1926 |
|
| 100 | 1 |
_aGalsworthy, Jhon _d1867-1933 _915501 |
|
| 245 | 1 | 0 |
_aThe Forsyte saga _cJhon Galsworthy. |
| 260 |
_aLondres _bW. Heinemann _c1926 |
||
| 300 |
_axii, 1104 p. _c19 cm. |
||
| 500 | _aIncluye árbol genealógico de la familia Forsyte | ||
| 500 | _aCon firma de Franz Mayer | ||
| 500 | _aK35 | ||
| 650 | 1 | 4 |
_aLiteratura inglesa _915502 |
| 902 | _aGFM | ||
| 942 |
_2lcc _cB |
||
| 999 |
_c5835 _d5835 |
||